An introduction to the member and observer states of organization of the Islamic Conference/ (Record no. 10840)
[ view plain ]
| 000 -LEADER | |
|---|---|
| fixed length control field | 00767 a2200193 4500 |
| 010 ## - LIBRARY OF CONGRESS CONTROL NUMBER | |
| LC control number | ENG-89560 |
| 020 ## - INTERNATIONAL STANDARD BOOK NUMBER | |
| Terms of availability | 300.00 |
| 035 ## - SYSTEM CONTROL NUMBER | |
| System control number | EN-73093 |
| 037 ## - SOURCE OF ACQUISITION | |
| Source of stock number/acquisition | DBAD / PUB |
| 082 14 - DEWEY DECIMAL CLASSIFICATION NUMBER | |
| Classification number | 354.1040917671 |
| 090 ## - LOCALLY ASSIGNED LC-TYPE CALL NUMBER (OCLC); LOCAL CALL NUMBER (OCLC) | |
| -- | 11145 |
| -- | 11145 |
| 100 ## - MAIN ENTRY--PERSONAL NAME | |
| Personal name | Hashmi, Syed Masroor Ali Akhtar |
| 245 ## - TITLE STATEMENT | |
| Title | An introduction to the member and observer states of organization of the Islamic Conference/ |
| Statement of responsibility, etc | by Syed Masroor Ali Akhtar Hashmi |
| 260 ## - PUBLICATION, DISTRIBUTION, ETC. (IMPRINT) | |
| Place of publication, distribution, etc | New Delhi |
| Name of publisher, distributor, etc | Hira Publications |
| Date of publication, distribution, etc | 2008 |
| 270 ## - ADDRESS | |
| Address | 257-E, Lane No. 1, Noor Nagar, P.O. Jamia Nagar, |
| City | New Delhi |
| Postal code | 110025 |
| Telephone number | 26924159 |
| 300 ## - PHYSICAL DESCRIPTION | |
| Extent | 195p.: |
| Other physical details | b & w photos, maps |
| Dimensions | 28 cm (Hb) |
| 942 ## - ADDED ENTRY ELEMENTS (KOHA) | |
| Institution code [OBSOLETE] | dpl |
| Koha item type | English Books |
| Call number prefix | 354.1040917671/HAS |
| Withdrawn status | Lost status | Source of classification or shelving scheme | Damaged status | Not for loan | Collection code | Home library | Current library | Source of acquisition | Cost, normal purchase price | Total Checkouts | Full call number | Barcode | Date last seen | Copy number | Uniform Resource Identifier | Cost, replacement price | Price effective from | Koha item type |
|---|---|---|---|---|---|---|---|---|---|---|---|---|---|---|---|---|---|---|
| Dewey Decimal Classification | Not For Loan | Non-fiction | D.B.Act.Division | D.B.Act.Division | DBAD/PUB | 300.00 | 354.1040917671 HAS | EN-73093 | 15/09/2008 | 1 | 11937 | 300.00 | 15/09/2008 | English Books |
